Fatma Girik/ (Record no. 15000)

MARC details
000 -BAŞLIK
Sabit Uzunlukta Kontrol Alanı 01029nam a22002897a 4500
999 ## - SİSTEM KONTROL NUMARALARI (KOHA)
Koha Biblionumber 15000
Koha Biblioitemnumber 15000
003 - KONTROL NUMARASI IDENTIFIER
Denetim Alanı MIRAKIL
005 - SON İŞLEM TARİHİ VE ZAMANI
Denetim Alanı 20220912152920.0
008 - SABİT-BOY VERİ ELEMANLARI - GENEL BİLGİLER
Sabit Uzunlukta Kontrol Alanı 220912b tu ||||| |||| 00| 0 tur d
020 ## - ULUSLARARASI STANDART KİTAP NUMARASI
Uluslararası Standart Kitap Numarası 9786258049596
040 ## - KATALOGLAMA KAYNAK
Orijinal Kataloglama Ajansı TR-AnCHP
Metne Dönüştürmek Ajansı TR-AnCHP
041 ## - DİL KODU
Metin / Ses Parça Veya Ayrı Başlığın Dil Kodu Tur
082 ## - DEWEY ONLU SINIFLANDIRMA NUMARASI
Sınıflandırma Numarası 927 Girik, F.
Ürün Numarası S29f 2022
100 ## - ANA GİRİŞ - KİŞİSEL İSİM
Kişisel Ad Saydam, Barış
245 ## - BAŞLIK TABLOSU
Başlık Fatma Girik/
Sorumluluk Tablosu, Vb Barış Saydam, Bircan Usallı Silan, Burçak Evren, Cengiz Özkarabekir, Doğuşcan Göker,... (ve öte.)
260 ## - YAYIN, DAĞITIM, VB
Yayın, Dağıtım, Vb Yeri İstanbul:
Yayıncı, Dağıtıcı, Vs Adı İstanbul Büyükşehir Belediyesi,
Yayın, Dağıtım, Vb Tarihi 2022.
300 ## - FİZİKSEL TANIM
Kapsam 488 s.:
Diğer Fiziksel Ayrıntıları fotg.;
Boyutlar 27 sm.
504 ## - KAYNAKÇA VB NOT
Kaynakça Vb Notu Dizin vardır.
600 #0 - KONU KATMA GİRİŞ - KURUMSAL ADI
9 (RLIN) 7197
Kişisel Ad Girik, Fatma
Başlıklar Ve Bir Adla İlişkili Diğer Kelimeler Sinema oyuncusu
Bir Adıyla İlişkilendirilen Tarihler 1942-2022
Genel Alt Bölümü yaşamöyküsü
650 #0 - KONU KATMA GİRİŞ - TOPİKAL DÖNEM
9 (RLIN) 5374
Topikal Süreli Veya Coğrafi Ad Giriş Elemanı Türk sineması
Genel Alt Bölümü Sinema oyuncuları
-- yaşamöyküsü
700 ## - KATMA GİRİŞ - KİŞİSEL İSİM
9 (RLIN) 7192
Kişisel Ad Silan, Bircan Usallı
700 ## - KATMA GİRİŞ - KİŞİSEL İSİM
9 (RLIN) 6849
Kişisel Ad Evren, Burçak
700 1# - KATMA GİRİŞ - KİŞİSEL İSİM
9 (RLIN) 4916
Kişisel Ad Özkarabekir, Cengiz
700 ## - KATMA GİRİŞ - KİŞİSEL İSİM
9 (RLIN) 7193
Kişisel Ad Göker, Doğuşcan
700 ## - KATMA GİRİŞ - KİŞİSEL İSİM
9 (RLIN) 7194
Kişisel Ad Albayrak, Haydar Ali
700 ## - KATMA GİRİŞ - KİŞİSEL İSİM
9 (RLIN) 7195
Kişisel Ad Esen, Şükran Kuyucak
942 ## - EKLENDİ GİRİŞ ELEMANLARI (KOHA)
Sınıflandırma Veya Raf Düzeni Kaynak Dewey Decimal Classification
Koha Öğesi Türü Books
Holdings
Kalıcı Konum Mevcut Konum Edinme Tarihi Toplam Check-Out'Lar Tam Çağrı Numarası Barkod Tarih Son Görülme İtibaren Geçerli Fiyatlar Koha Öğesi Türü
CHP Kütüphanesi CHP Kütüphanesi 09/12/2022   927 Girik, F. S29f 2022 020538 09/12/2022 09/12/2022 Books